National workshop on the relationship between mangrove rehabilitation and coastal aquaculture in Vietnam, Hue City, 31 October - 2 November 1996 : Sponsored by action for mangrove reforestation (ACTMANG), Japan

Contents: The relationship between the mangrove ecosystem and aquaculture; techniques on planting tending and management mangroves; the socio-economic situation in mangrove areas.

Đã lưu trong:
书目详细资料
格式: 图书
语言:Undetermined
出版: Hà Nội Cres &Actmang 1996
主题:
标签: 添加标签
没有标签, 成为第一个标记此记录!
Thư viện lưu trữ: Trung tâm Học liệu Trường Đại học Cần Thơ
LEADER 00925nam a2200193Ia 4500
001 CTU_143969
008 210402s9999 xx 000 0 und d
082 |a 639.3 
082 |b N277 
245 0 |a National workshop on the relationship between mangrove rehabilitation and coastal aquaculture in Vietnam, Hue City, 31 October - 2 November 1996 : Sponsored by action for mangrove reforestation (ACTMANG), Japan 
245 0 |c Phan Nguyet Anh, Jaap T. Brands, Phan Nguyen Hong editor 
260 |a Hà Nội 
260 |b Cres &Actmang 
260 |c 1996 
520 |a Contents: The relationship between the mangrove ecosystem and aquaculture; techniques on planting tending and management mangroves; the socio-economic situation in mangrove areas. 
650 |a Aquaculture,Nuôi trồng thuỷ sản 
650 |z Vietnam,Việt Nam 
904 |i Tuyến 
980 |a Trung tâm Học liệu Trường Đại học Cần Thơ